| 000 | 00398nam a2200145Ia 4500 | ||
|---|---|---|---|
| 008 | 210210b2000 xxu||||| |||| 00| 0 eng d | ||
| 020 | _a81 7115 036 5 | ||
| 082 | _a344.07 INDL | ||
| 100 | _aINDIAN LAW ACADEMY. | ||
| 245 | _aLatest law project for administration in universities and colleges. | ||
| 260 |
_aLucknow _bIndian law academy _c2000 |
||
| 300 | _a800 | ||
| 690 | _aLaw | ||
| 906 | _a045404 | ||
| 999 |
_c94803 _d94803 |
||